<?xml version="1.0" encoding="UTF-8"?>
<record
    xmlns:xsi="http://www.w3.org/2001/XMLSchema-instance"
    xsi:schemaLocation="http://www.loc.gov/MARC21/slim http://www.loc.gov/standards/marcxml/schema/MARC21slim.xsd"
    xmlns="http://www.loc.gov/MARC21/slim">

  <leader>00726nam a22001577a 4500</leader>
  <controlfield tag="003">OSt</controlfield>
  <controlfield tag="005">20151209105424.0</controlfield>
  <controlfield tag="008">151209b        xxu||||| |||| 00| 0 eng d</controlfield>
  <datafield tag="040" ind1=" " ind2=" ">
    <subfield code="c">RUA </subfield>
  </datafield>
  <datafield tag="082" ind1=" " ind2=" ">
    <subfield code="a">ATM HEM 2006 B194 Or.1</subfield>
  </datafield>
  <datafield tag="100" ind1=" " ind2=" ">
    <subfield code="9">4581</subfield>
    <subfield code="a">HEM VANNARET; &#x17A0;&#x17C2;&#x1798; &#x179C;&#x178E;&#x17D2;&#x178E;&#x17B6;&#x179A;&#x17C9;&#x17C1;&#x178F;.</subfield>
  </datafield>
  <datafield tag="245" ind1=" " ind2=" ">
    <subfield code="a">Irrigation system and device application of farmers in battambang province, &#x1780;&#x17B6;&#x179A;&#x1794;&#x17D2;&#x179A;&#x17BE;&#x1794;&#x17D2;&#x179A;&#x17B6;&#x179F;&#x17CB;&#x17A7;&#x1794;&#x1780;&#x179A;&#x178E;&#x17CD;&#x179F;&#x17D2;&#x179A;&#x17C4;&#x1785;&#x179F;&#x17D2;&#x179A;&#x1796; &#x1793;&#x17B7;&#x1784;&#x1794;&#x17D2;&#x179A;&#x1796;&#x17D0;&#x1793;&#x17D2;&#x1792;&#x1792;&#x17B6;&#x179A;&#x17B6;&#x179F;&#x17B6;&#x179F;&#x17D2;&#x179A;&#x17D2;&#x178F; &#x179A;&#x1794;&#x179F;&#x17CB;&#x1780;&#x179F;&#x17B7;&#x1780;&#x179A; &#x1793;&#x17C5;&#x1780;&#x17D2;&#x1793;&#x17BB;&#x1784;&#x1781;&#x17C1;&#x178F;&#x17D2;&#x17D2;&#x178F;&#x1794;&#x17B6;&#x178F;&#x17CB;&#x178A;&#x17C6;&#x1794;&#x1784;</subfield>
  </datafield>
  <datafield tag="260" ind1=" " ind2=" ">
    <subfield code="a">Phnom Penh </subfield>
    <subfield code="b">RUA </subfield>
    <subfield code="c">2006 </subfield>
  </datafield>
  <datafield tag="300" ind1=" " ind2=" ">
    <subfield code="a">xv; 45p.</subfield>
    <subfield code="b">ill.</subfield>
    <subfield code="c">29cm.</subfield>
  </datafield>
  <datafield tag="942" ind1=" " ind2=" ">
    <subfield code="2">ddc</subfield>
    <subfield code="c">ATM</subfield>
  </datafield>
  <datafield tag="999" ind1=" " ind2=" ">
    <subfield code="c">4269</subfield>
    <subfield code="d">4269</subfield>
  </datafield>
  <datafield tag="952" ind1=" " ind2=" ">
    <subfield code="0">0</subfield>
    <subfield code="1">0</subfield>
    <subfield code="2">ddc</subfield>
    <subfield code="4">0</subfield>
    <subfield code="6">ATM_HEM_2006_000000000000000_B194_OR_1</subfield>
    <subfield code="7">0</subfield>
    <subfield code="9">21567</subfield>
    <subfield code="a">LBB</subfield>
    <subfield code="b">LBB</subfield>
    <subfield code="c">B194</subfield>
    <subfield code="d">2015-12-09</subfield>
    <subfield code="l">2</subfield>
    <subfield code="o">ATM HEM 2006 B194 Or.1</subfield>
    <subfield code="p">RUA046137</subfield>
    <subfield code="r">2023-11-22</subfield>
    <subfield code="s">2023-11-14</subfield>
    <subfield code="w">2015-12-09</subfield>
    <subfield code="y">ATM</subfield>
  </datafield>
  <datafield tag="952" ind1=" " ind2=" ">
    <subfield code="0">0</subfield>
    <subfield code="1">0</subfield>
    <subfield code="2">ddc</subfield>
    <subfield code="4">0</subfield>
    <subfield code="6">ATM_HEM_2006_000000000000000_B194_OR_2</subfield>
    <subfield code="7">0</subfield>
    <subfield code="9">21568</subfield>
    <subfield code="a">LBB</subfield>
    <subfield code="b">LBB</subfield>
    <subfield code="c">B194</subfield>
    <subfield code="d">2015-12-09</subfield>
    <subfield code="o">ATM HEM 2006 B194 Or.2</subfield>
    <subfield code="p">RUA046315</subfield>
    <subfield code="r">2015-12-09</subfield>
    <subfield code="w">2015-12-09</subfield>
    <subfield code="y">ATM</subfield>
  </datafield>
  <datafield tag="952" ind1=" " ind2=" ">
    <subfield code="0">0</subfield>
    <subfield code="1">0</subfield>
    <subfield code="2">ddc</subfield>
    <subfield code="4">0</subfield>
    <subfield code="6">ATM_HEM_2006_000000000000000_B194_OR_3</subfield>
    <subfield code="7">0</subfield>
    <subfield code="9">21569</subfield>
    <subfield code="a">LBB</subfield>
    <subfield code="b">LBB</subfield>
    <subfield code="c">B194</subfield>
    <subfield code="d">2015-12-09</subfield>
    <subfield code="o">ATM HEM 2006 B194 Or.3</subfield>
    <subfield code="p">RUA046313</subfield>
    <subfield code="r">2015-12-09</subfield>
    <subfield code="w">2015-12-09</subfield>
    <subfield code="y">ATM</subfield>
  </datafield>
  <datafield tag="952" ind1=" " ind2=" ">
    <subfield code="0">0</subfield>
    <subfield code="1">0</subfield>
    <subfield code="2">ddc</subfield>
    <subfield code="4">0</subfield>
    <subfield code="6">ATM_HEM_2006_000000000000000_B194_OR_4</subfield>
    <subfield code="7">0</subfield>
    <subfield code="9">21570</subfield>
    <subfield code="a">LBB</subfield>
    <subfield code="b">LBB</subfield>
    <subfield code="c">B194</subfield>
    <subfield code="d">2015-12-09</subfield>
    <subfield code="o">ATM HEM 2006 B194 Or.4</subfield>
    <subfield code="p">RUA046193</subfield>
    <subfield code="r">2017-01-12</subfield>
    <subfield code="w">2015-12-09</subfield>
    <subfield code="y">ATM</subfield>
  </datafield>
</record>
